| 000 | 00540nam a2200181 a 4500 | ||
|---|---|---|---|
| 005 | 20210223122921.0 | ||
| 008 | 991125s1983 cu 000 0 spa u | ||
| 035 | _aUPN01000044096 | ||
| 049 | _aCG | ||
| 050 | 4 |
_aHX672 _bC3.6 |
|
| 100 | 1 |
_aCastro, Fidel, _d1926-2016 _931351 |
|
| 245 | 1 | 3 |
_aEl pensamiento de Fidel Castro : _bselección temática / _cFidel Castro. |
| 260 |
_aLa Habana : _bPolítica, _c1983. |
||
| 300 | _av. | ||
| 500 | _aLa biblioteca tiene los v.1 y 2 del tomo I | ||
| 650 | 4 |
_aCOMUNISMO - _zCUBA _910266 |
|
| 905 | _aLibro | ||
| 999 |
_c44096 _d44096 |
||